Nueva ley municipal num. 176-07 del distrito nacional y de los municipios, otras legislaciones. (Registro nro. 11667)
[ vista simple ]
| 000 -LEADER | |
|---|---|
| fixed length control field | 00468nam a22001571a 4500 |
| 001 - CONTROL NUMBER | |
| control field | 11667 |
| 003 - CONTROL NUMBER IDENTIFIER | |
| control field | OSt |
| 005 - DATE AND TIME OF LATEST TRANSACTION | |
| control field | 20260204212251.0 |
| 008 - FIXED-LENGTH DATA ELEMENTS--GENERAL INFORMATION | |
| fixed length control field | 130503s2007||||dr ||||||b||||||||||spa|| |
| 110 ## - ASIENTO PRINCIPAL -- NOMBRE CORPORATIVO | |
| Corporate name or jurisdiction name as entry element | Republica Dominicana |
| 245 ## - TÍTULO PROPIAMENTE DICHO: SUBTÍTULO | |
| Title | Nueva ley municipal num. 176-07 del distrito nacional y de los municipios, otras legislaciones. |
| 250 ## - MENCIÓN DE EDICIÓN | |
| Edition statement | 2da. ed. corregida y ampliada |
| 264 ## - PRODUCTION, PUBLICATION, DISTRIBUTION, MANUFACTURE, AND COPYRIGHT NOTICE | |
| Place of production, publication, distribution, manufacture | República Dominicana : editora Dalis |
| 300 ## - PHYSICAL DESCRIPTION | |
| Extensión | 196 PÌ |
| 942 ## - ADDED ENTRY ELEMENTS (KOHA) | |
| Source of classification or shelving scheme | Dewey Decimal Classification |
| Koha item type | Libros |
No hay ítems disponibles.
